Statistics for Manchester United Champions' League Final Winning Team 2008

Click here to take the quiz!

General Stats

  • This quiz has been taken 6,833 times
  • The average score is 16 of 19

Answer Stats

Position Player Nationality % Correct
ManagerSir Alex FergusonScottish
98%
Left MidfieldCristiano RonaldoPortuguese
98%
Centre ForwardWayne RooneyEnglish
97%
Centre-BackRio FerdinandEnglish
96%
Centre-BackNemanja VidićSerbian
96%
Left-BackPatrice EvraFrench
96%
GoalkeeperEdwin van der SarDutch
96%
Substitute CMRyan GiggsWelsh
94%
Centre MidfieldPaul ScholesEnglish
94%
StrikerCarlos TévezArgentinian
91%
Substitute LMNaniPortuguese
90%
Centre MidfieldMichael CarrickEnglish
85%
Substitute CMAndersonBrazilian
84%
Substitute CMDarren FletcherScottish
80%
Substitute CBJohn O'SheaIrish
74%
Right-BackWes BrownEnglish
68%
Right MidfieldOwen HargreavesEnglish
54%
Substitute GKTomasz KuszczakPolish
41%
Substitute LBMikaël SilvestreFrench
41%

Score Distribution

Percentile by Number Answered

Percent of People with Each Score

Your Score History

You have not taken this quiz